Ecrivains du Monde - Statistiques

Statistiques générales
  • Ce quiz a été pris 44 fois
  • Le résultat moyen est 9 sur 14
Statistiques - réponses
Oeuvres principales Ecrivains % Correct
Les Misérables Notre-Dame de Paris Les Contemplations L'Homme qui rit Victor Hugo
100%
Germinal Nana L'Assommoir Au Bonheur des Dames Émile Zola
95%
L'Étranger La PesteLe Mythe de Sisyphe La Chute Albert Camus
92%
Hamlet Roméo et Juliette Le Roi Lear Macbeth William Shakespeare
90%
Madame Bovary L'Éducation sentimentale Salammbô Gustave Flaubert
87%
Le Rouge et le Noir La Chartreuse de Parme Stendhal
79%
À la recherche du temps perdu Du côté de chez Swann Le Temps retrouvé Marcel Proust
77%
Le Père Goriot Illusions perdues Eugénie Grandet Honoré de Balzac
74%
Guerre et Paix Anna Karénine La Mort d'Ivan Ilitch Résurrection Léon Tolstoï
67%
Crime et Châtiment L'Idiot Les Frères Karamazov Les Démons Fiodor Dostoïevski
38%
La Cerisaie La Mouette Les Trois Sœurs Oncle Vania Anton Tchekhov
26%
Eugène Onéguine La Dame de pique Boris Godounov Alexandre Pouchkine
23%
Les Âmes mortes Le Manteau Le Révizor Nicolas Gogol
21%
Le Maître et Marguerite La Garde blanche Cœur de chien Mikhaïl Boulgakov
18%
Aucun quiz correspondant
Distribution des résultats
% des personnes avec chaque résultat
Percentile par nombre de réponses
Votre historique - résultats
Vous n’avez pas pris ce quiz